United Kingdom M Quiz - Statistics

General Stats
  • This quiz has been taken 47 times
  • The average score is 10 of 20
Answer Stats
Hint Answer % Correct
Large city, originally important in the Industrial Revolution, now more widely known for its two football clubs Manchester
100%
Parasitic plant, often hung in houses at Christmas time Mistletoe
94%
Signed by King John in 1215 at Runnymede Magna Carta
91%
Its county town in Liverpool Merseyside
80%
Creator of Pooh, Eeyore and Piglet Milne
69%
Henry VIIIs flagship rescued from the deep Mary Rose
66%
TV show, in which a large leather chair is featured Mastermind
66%
0 degrees longitude line Meridian
60%
Cornish author who gave us Rebecca, Frenchman's Creek and Jamaica Inn Maurier
51%
Traditionally this gift is given to the elderly, by the head of the royal family on Thursday before Good Friday Maundy
49%
British Shakespearean actor, who has also played Gandalf McKellan
46%
London architectural feature, between Oxford Street, Park Lane, Bayswater and Edgware Road in London Marble Arch
37%
Spa town in Derbyshire, also its county town Matlock
34%
This links Wales to Anglesey Menai Bridge
29%
Painting by Sir Edward Landseer, also a TV dramatisation Monarch of the glen
23%
TV detective in 1960, played by Rupert Davies Maigret
20%
Big gun at Edinburgh Castle Mons Meg
20%
To be observed in Hereford Cathedral, it was the first attempt at mapping the world Mappa Mundi
17%
Named after Sir Hugh, this indicates that a mountain is over 3000 feet in height Munro
17%
Open air theatre near Penzance in Cornwall Minack
9%
No matching quizzes found
Score Distribution
Percent of People with Each Score
Percentile by Number Answered
Your Score History
You have not taken this quiz